[Event "European Cities & Towns Chess Championship - Open/Seniors"]
[Site "Central Europe"]
[Date "2023.01.29"]
[Round "1.1.1"]
[White "Nguyen, Thai Dai Van"]
[Black "Hristodoulou, Panagiotis"]
[Result "1-0"]
[WhiteElo "2656"]
[BlackElo "2372"]
[BlackCountry "GR"]
[BlackFideId "4214340"]
[BlackTeam "Heraklion"]
[BlackTitle "FM"]
[WhiteCountry "CZ"]
[WhiteFideId "358878"]
[WhiteTeam "Prague - Open"]
[WhiteTitle "GM"]

1. Nf3 d5 2. d4 e6 3. c4 a6 4. Bg5 Be7 5. Bxe7 Qxe7 6. Nbd2 Nf6 7. g3 O-O 
8. Bg2 Nbd7 9. O-O c5 10. cxd5 exd5 11. Rc1 c4 12. b3 b5 13. bxc4 bxc4 14.
 Ne5 Nxe5 15. dxe5 Qxe5 16. Nxc4 Qh5 17. Nb6 Rb8 18. Nxc8 Rfxc8 19. Qd3 a5
20. Bf3 Qe5 21. Qa6 Rxc1 22. Rxc1 h5 23. Qxa5 h4 24. gxh4 Re8 25. Qc7 Qb2 
26. a4 Ne4 27. a5 Qa3 28. Rd1 Re6 29. h5 Qa2 30. Qd8+ Kh7 31. Qxd5 Qxd5 
32. Rxd5 Nc3 33. Rd2 1-0

[Event "European Cities & Towns Chess Championship - Open/Seniors"]
[Site "Central Europe"]
[Date "2023.01.29"]
[Round "1.1.2"]
[White "Panagiotakos, Nikolaos"]
[Black "Rodshtein, Maxim"]
[Result "1/2-1/2"]
[WhiteElo "2122"]
[BlackElo "2616"]
[BlackCountry "IL"]
[BlackFideId "2806851"]
[BlackTeam "Prague - Open"]
[BlackTitle "GM"]
[WhiteCountry "GR"]
[WhiteFideId "4213246"]
[WhiteTeam "Heraklion"]

1. e4 c5 2. Nf3 e6 3. d4 cxd4 4. Nxd4 Nc6 5. Nc3 Qc7 6. Be2 Nf6 7. Be3 a6 
8. a3 Be7 9. O-O O-O 10. f4 d6 11. Qe1 Nxd4 12. Bxd4 e5 13. fxe5 dxe5 14. 
Qg3 Bc5 15. Bxc5 Qxc5+ 16. Kh1 Kh8 17. Rxf6 gxf6 18. Qh4 Rg8 19. Qxf6+ Rg7
20. Qd8+ Rg8 21. Qf6+ Rg7 22. Qd8+ Rg8 1/2-1/2

[Event "European Cities & Towns Chess Championship - Open/Seniors"]
[Site "Central Europe"]
[Date "2023.01.29"]
[Round "1.1.3"]
[White "Movsesian, Sergei"]
[Black "Klokas, Konstantinos"]
[Result "1-0"]
[WhiteElo "2615"]
[BlackElo "2069"]
[BlackCountry "GR"]
[BlackFideId "4206932"]
[BlackTeam "Heraklion"]
[WhiteCountry "AM"]
[WhiteFideId "310204"]
[WhiteTeam "Prague - Open"]
[WhiteTitle "GM"]

1. e4 c5 2. Nf3 Nc6 3. Nc3 Nf6 4. Bb5 g6 5. e5 Ng4 6. Bxc6 dxc6 7. h3 Nh6 
8. d3 Nf5 9. Ne4 Bg7 10. O-O b6 11. Bg5 h6 12. Bf4 O-O 13. Qd2 Kh7 14. c3 
Ba6 15. Rad1 e6 16. Rfe1 Ne7 17. Nf6+ Bxf6 18. exf6 Ng8 19. Ne5 g5 20. Bg3
Nxf6 21. h4 Nd5 22. c4 gxh4 23. Bh2 Nf6 24. Qf4 Nh5 25. Qe4+ Kh8 26. Qf3 
Qg5 27. Nxf7+ Rxf7 28. Qxf7 Rg8 29. Be5+ Ng7 30. Re4 h3 31. g3 Qf5 32. 
Bxg7+ Rxg7 33. Qxf5 exf5 34. Re8+ Kh7 35. Rde1 b5 36. b3 Bb7 37. R1e7 Kg6 
38. Rxg7+ 1-0

[Event "European Cities & Towns Chess Championship - Open/Seniors"]
[Site "Central Europe"]
[Date "2023.01.29"]
[Round "1.1.4"]
[White "Fragiadakis, Emanouel"]
[Black "Nemec, Jachym"]
[Result "0-1"]
[WhiteElo "1714"]
[BlackElo "2361"]
[BlackCountry "CZ"]
[BlackFideId "23716525"]
[BlackTeam "Prague - Open"]
[BlackTitle "FM"]
[WhiteCountry "GR"]
[WhiteFideId "4204026"]
[WhiteTeam "Heraklion"]

1. d4 Nf6 2. Bf4 g6 3. Nc3 d5 4. e3 Bg7 5. Be2 O-O 6. h4 h5 7. Nf3 Bf5 8. 
Ne5 c5 9. O-O Nc6 10. Bf3 cxd4 11. exd4 e6 12. Re1 Nd7 13. Nxd7 Qxd7 14. 
a3 Nxd4 15. Rc1 Rac8 16. Qd2 Nxf3+ 17. gxf3 Rc4 18. Ne4 Bxe4 19. fxe4 Rd4 
20. Qa5 Rxe4 21. Rxe4 dxe4 22. Qxa7 Bd4 23. Qa5 e5 24. Bxe5 Qg4+ 25. Bg3 
Qxg3+ 0-1

[Event "European Cities & Towns Chess Championship - Open/Seniors"]
[Site "Central Europe"]
[Date "2023.01.29"]
[Round "1.2.1"]
[White "Manolache, Marius"]
[Black "Mastrovasilis, Dimitrios"]
[Result "1-0"]
[WhiteElo "2454"]
[BlackElo "2605"]
[BlackCountry "GR"]
[BlackFideId "4202694"]
[BlackTeam "Thessaloniki"]
[BlackTitle "GM"]
[WhiteCountry "RO"]
[WhiteFideId "1201530"]
[WhiteTeam "CSM Galati"]
[WhiteTitle "GM"]

1. d4 d5 2. Nf3 Nf6 3. c4 e6 4. Nc3 dxc4 5. e3 a6 6. a4 b6 7. Bxc4 Bb7 8. 
Qe2 Bb4 9. O-O O-O 10. Rd1 Qe7 11. Bd3 c5 12. Na2 Nc6 13. e4 cxd4 14. e5 
Nd5 15. Bxh7+ Kxh7 16. Ng5+ Kg6 17. Qe4+ f5 18. exf6+ Kxf6 19. Rd3 g6 20. 
Rf3+ Kg7 21. Nxe6+ Qxe6 22. Qxe6 Rae8 23. Bh6+ Kxh6 24. Qxd5 Rxf3 25. Qxf3
Bc5 26. b4 1-0

[Event "European Cities & Towns Chess Championship - Open/Seniors"]
[Site "Central Europe"]
[Date "2023.01.29"]
[Round "1.2.2"]
[White "Papaioannou, Ioannis"]
[Black "Barbu, Simon-Alexandru"]
[Result "1-0"]
[WhiteElo "2628"]
[BlackElo "2023"]
[BlackCountry "RO"]
[BlackFideId "1257170"]
[BlackTeam "CSM Galati"]
[WhiteCountry "GR"]
[WhiteFideId "4201345"]
[WhiteTeam "Thessaloniki"]
[WhiteTitle "GM"]

1. d4 Nf6 2. Nf3 g6 3. Bg5 Bg7 4. Nbd2 d5 5. e3 c5 6. c3 Nc6 7. Be2 Bf5 8.
 dxc5 e5 9. O-O O-O 10. b4 Re8 11. Rc1 Qe7 12. Re1 Rac8 13. Qb3 Qe6 14. 
Bf1 a5 15. a3 Ne4 16. Nxe4 Bxe4 17. Nd2 Bf5 18. e4 dxe4 19. Bc4 Qd7 20. 
Nxe4 Bxe4 21. Rxe4 axb4 22. axb4 Qf5 23. Ree1 Qxg5 24. Bxf7+ Kh8 25. Bxe8 
Rxe8 26. Qd5 Rd8 27. Qe4 Qf5 28. Qxf5 gxf5 29. Rcd1 e4 30. b5 Rxd1 31. 
Rxd1 Ne7 32. Rd8+ Ng8 33. c4 Be5 34. Rd7 f4 35. Rxb7 Nf6 36. c6 Ne8 37. 
Re7 1-0

[Event "European Cities & Towns Chess Championship - Open/Seniors"]
[Site "Central Europe"]
[Date "2023.01.29"]
[Round "1.2.3"]
[White "Tudoroiu, Razvan-Catalin"]
[Black "Mastrovasilis, Athanasios"]
[Result "0-1"]
[WhiteElo "1923"]
[BlackElo "2520"]
[BlackCountry "GR"]
[BlackFideId "4201990"]
[BlackTeam "Thessaloniki"]
[BlackTitle "GM"]
[WhiteCountry "RO"]
[WhiteFideId "1281100"]
[WhiteTeam "CSM Galati"]

1. d4 d5 2. c4 e6 3. g3 Nf6 4. Bg2 Be7 5. Nf3 O-O 6. O-O c6 7. Nc3 a5 8. 
Nd2 b5 9. cxb5 cxb5 10. Nxb5 Qb6 11. a4 Nc6 12. Nb3 Ba6 13. Be3 Bxb5 14. 
axb5 Qxb5 15. Nc5 Ng4 16. Qd2 Nxe3 17. Qxe3 Bf6 18. Qf4 Nxd4 0-1

[Event "European Cities & Towns Chess Championship - Open/Seniors"]
[Site "Central Europe"]
[Date "2023.01.29"]
[Round "1.2.4"]
[White "Ioannidis, Evgenios"]
[Black "Jugaru, Lucian"]
[Result "1-0"]
[WhiteElo "2476"]
[BlackElo "1839"]
[BlackCountry "RO"]
[BlackFideId "1220497"]
[BlackTeam "CSM Galati"]
[WhiteCountry "GR"]
[WhiteFideId "4229274"]
[WhiteTeam "Thessaloniki"]
[WhiteTitle "IM"]

1. d4 d5 2. c4 e6 3. Nc3 a6 4. cxd5 exd5 5. Bf4 c6 6. e3 Bf5 7. g4 Bg6 8. 
h4 h6 9. h5 Bh7 10. Bd3 Bxd3 11. Qxd3 Bd6 12. Nge2 Nf6 13. f3 Bxf4 14. 
Nxf4 Nbd7 15. O-O-O Nb6 16. Rhg1 Nc4 17. e4 Qb6 18. b3 Na5 19. exd5 O-O-O 
20. dxc6 Nxc6 21. d5 Nb4 22. Qd4 Qd6 23. a3 Nc6 24. Qc4 Qxa3+ 25. Kc2 Kb8 
26. dxc6 Rc8 27. Ra1 Qd6 28. Rgd1 Qe5 29. Nd3 Qg3 30. Nb4 Qxf3 31. Nxa6+ 
bxa6 32. Qb4+ 1-0

[Event "European Cities & Towns Chess Championship - Open/Seniors"]
[Site "Central Europe"]
[Date "2023.01.29"]
[Round "1.3.1"]
[White "Kourkoulos-Arditis, Stamatis"]
[Black "Nastase, Robert-Paul"]
[Result "1-0"]
[WhiteElo "2537"]
[BlackElo "2229"]
[BlackCountry "RO"]
[BlackFideId "1221175"]
[BlackTeam "SNAGOV"]
[BlackTitle "FM"]
[WhiteCountry "GR"]
[WhiteFideId "4221990"]
[WhiteTeam "Kallithea - Athens"]
[WhiteTitle "IM"]

1. b3 c5 2. Bb2 Nc6 3. e3 Nf6 4. f4 g6 5. Nf3 Bg7 6. Be2 O-O 7. O-O d6 8. 
a4 a6 9. Na3 Bf5 10. h3 Ne4 11. Bxg7 Kxg7 12. Qe1 d5 13. d3 Nd6 14. Ne5 
Nxe5 15. fxe5 Ne8 16. Qg3 Be6 17. Rf4 Nc7 18. Raf1 b5 19. Rh4 f6 20. Nb1 
Bg8 21. Nd2 Ne6 22. Bg4 Ng5 23. Bd1 Qb8 24. exf6+ exf6 25. Qf2 Qd6 26. Rf4
Rae8 27. h4 Ne6 28. Rxf6 Qe7 29. Rxf8 Rxf8 30. Nf3 Kh8 31. Qg3 Ng7 32. 
axb5 Qxe3+ 33. Qf2 Qxf2+ 34. Rxf2 axb5 35. d4 c4 36. b4 Be6 37. c3 Bg4 38.
 Ra2 Nf5 39. Ra5 Nd6 40. Ra3 Ne4 41. Kh2 Re8 42. Kg1 Kg8 43. Kh2 Nf2 44. 
Kg3 Nxd1 45. Kxg4 Re3 46. Ra8+ Kg7 47. Ra7+ Kf6 48. Ng5 Re7 49. Nxh7+ Ke6 
50. Ng5+ Kd6 51. Ra6+ Kc7 52. Ne6+ Kb8 53. Nf4 Nxc3 54. Nxg6 Re2 55. Nf4 
Re4 56. Kf5 Rxd4 57. h5 Ne4 58. h6 Rd1 59. g4 Ng3+ 60. Kg6 c3 61. h7 Rh1 
62. Nh5 1-0

[Event "European Cities & Towns Chess Championship - Open/Seniors"]
[Site "Central Europe"]
[Date "2023.01.29"]
[Round "1.3.2"]
[White "Dobronauteanu, Ion-Serban"]
[Black "Halkias, Stelios"]
[Result "0-1"]
[WhiteElo "2189"]
[BlackElo "2516"]
[BlackCountry "GR"]
[BlackFideId "4201809"]
[BlackTeam "Kallithea - Athens"]
[BlackTitle "GM"]
[WhiteCountry "RO"]
[WhiteFideId "1204084"]
[WhiteTeam "SNAGOV"]

1. e4 c5 2. Nf3 Nc6 3. d4 cxd4 4. Nxd4 e5 5. Nxc6 bxc6 6. c4 Nf6 7. Nc3 
Bc5 8. Be2 h6 9. O-O d6 10. Kh1 Rb8 11. f4 Bd4 12. Bf3 Be6 13. Qa4 Nd7 14.
 Qxc6 O-O 15. Nd5 Nc5 16. f5 Rc8 17. Qb5 a6 18. Qb4 Bxd5 19. exd5 Re8 20. 
Bg4 Qh4 21. Bh3 Ne4 22. Bd2 Nf2+ 23. Rxf2 Qxf2 24. f6 Rb8 25. Qxd6 Qxd2 
26. fxg7 Qg5 27. Rf1 e4 28. Qc7 Qxg7 29. d6 e3 30. d7 Red8 31. Qd6 Rxb2 
32. c5 e2 33. Re1 Bc3 0-1

[Event "European Cities & Towns Chess Championship - Open/Seniors"]
[Site "Central Europe"]
[Date "2023.01.29"]
[Round "1.3.3"]
[White "Kalogeris, Ioannis"]
[Black "Nastase, Andreea-Cristina"]
[Result "1/2-1/2"]
[WhiteElo "2409"]
[BlackElo "2046"]
[BlackCountry "RO"]
[BlackFideId "1221183"]
[BlackTeam "SNAGOV"]
[BlackTitle "WFM"]
[WhiteCountry "GR"]
[WhiteFideId "4239563"]
[WhiteTeam "Kallithea - Athens"]
[WhiteTitle "FM"]

1. e4 c5 2. Nf3 d6 3. Nc3 Nc6 4. d4 cxd4 5. Nxd4 g6 6. Be3 Bg7 7. Qd2 Nf6 
8. f3 a6 9. O-O-O Nxd4 10. Bxd4 b5 11. Nd5 O-O 12. Nxf6+ exf6 13. Bc3 f5 
14. Bxg7 Kxg7 15. Qd4+ Qf6 16. Qxf6+ Kxf6 17. Rxd6+ Ke5 18. Rd5+ Ke6 19. 
c4 Bb7 20. exf5+ gxf5 21. Rc5 Rfc8 22. Rxc8 Rxc8 23. b3 bxc4 24. Bxc4+ Bd5
25. Re1+ Kf6 26. Kb2 Bxc4 27. bxc4 Rxc4 28. Kb3 Rh4 29. h3 Rd4 30. Kc3 Ra4
31. Re2 Kg5 32. g3 f4 33. h4+ Kh5 34. Re5+ Kg6 35. Kb3 Rd4 36. Kc3 Ra4 37.
 Rg5+ Kf6 38. Kb3 Rd4 39. Kc3 Ra4 40. Kb3 Rd4 41. Kc3 Ra4 1/2-1/2

[Event "European Cities & Towns Chess Championship - Open/Seniors"]
[Site "Central Europe"]
[Date "2023.01.29"]
[Round "1.3.4"]
[White "Rata, Anamaria"]
[Black "Papasimakopoulos, Alexandros"]
[Result "1/2-1/2"]
[WhiteElo "1664"]
[BlackElo "2334"]
[BlackCountry "GR"]
[BlackFideId "4244125"]
[BlackTeam "Kallithea - Athens"]
[BlackTitle "FM"]
[WhiteCountry "RO"]
[WhiteFideId "1245350"]
[WhiteTeam "SNAGOV"]

1. e4 e6 2. d4 d5 3. Nd2 Nf6 4. e5 Nfd7 5. Bd3 c5 6. c3 Nc6 7. Ne2 cxd4 8.
 cxd4 f6 9. exf6 Nxf6 10. Nf3 Bd6 11. O-O Qc7 12. Bg5 O-O 13. Ng3 Bd7 14. 
Re1 h6 15. Bd2 Ng4 16. Re2 Rf6 17. Rc1 Raf8 18. Nf1 Rxf3 19. gxf3 Rxf3 20.
 Re3 Bxh2+ 21. Kg2 Rxf2+ 22. Kh1 Nxe3 23. Bxe3 Rxb2 24. Qg4 e5 25. Qh5 Bf4
26. Bxf4 exf4 27. Qg6 Ne7 28. Qh7+ Kf8 29. Rxc7 Bg4 30. Qh8+ Kf7 31. Qd8 
Bf3+ 32. Kg1 Rg2+ 33. Kh1 Rxa2+ 34. Kg1 Rg2+ 35. Kh1 Ra2+ 36. Kg1 Rg2+ 37.
 Kh1 Ra2+ 1/2-1/2

[Event "European Cities & Towns Chess Championship - Open/Seniors"]
[Site "Central Europe"]
[Date "2023.01.29"]
[Round "1.4.1"]
[White "Guerrero Vargas, Andres Jesus"]
[Black "Tomic, Aleksandar"]
[Result "0-1"]
[WhiteElo "2336"]
[BlackElo "2417"]
[BlackCountry "ME"]
[BlackFideId "16501799"]
[BlackTeam "Niksic"]
[BlackTitle "FM"]
[Termination "time forfeit"]
[WhiteCountry "VE"]
[WhiteFideId "3902048"]
[WhiteTeam "Collado Villalba - Madrid"]
[WhiteTitle "FM"]

1. d4 Nf6 2. Bf4 b6 3. e3 Bb7 4. Nf3 e6 5. h3 d6 6. Bd3 Nbd7 7. O-O g6 8. 
c4 Bg7 9. Nc3 O-O 10. Bh2 Qe7 11. Re1 e5 12. Be2 Rfe8 13. a4 a5 14. Nb5 
Rac8 15. Nd2 Ne4 16. Nxe4 Bxe4 17. d5 g5 18. Bg4 Nc5 19. Bxc8 Rxc8 20. f3 
Bd3 21. Rc1 Bg6 22. e4 f5 23. Nc3 f4 24. Kf1 Qd7 25. Bg1 Na6 26. Bf2 h5 
27. Qe2 Nb4 28. b3 Ra8 29. Na2 Na6 30. c5 bxc5 31. Qb5 Qc8 32. Rc3 Be8 33.
 Qe2 Bd7 34. Nc1 Kf7 35. Nd3 Bf6 36. Bg1 Qb7 37. Rb1 Bc8 38. Nf2 Nb4 39. 
Qb5 Qa6 40. Qxa6 Bxa6+ 41. Ke1 Rb8 42. Kd2 Ke7 43. Nd1 Bf1 44. Nf2 Ba6 45.
 Bh2 Rg8 46. Rg1 Bc8 47. g4 hxg4 48. fxg4 Rh8 49. Nd1 Ba6 50. Nb2 c6 51. 
dxc6 Nxc6 52. Nc4 Nd4 53. Nb6 Ne2 54. Nd5+ Kf7 0-1

[Event "European Cities & Towns Chess Championship - Open/Seniors"]
[Site "Central Europe"]
[Date "2023.01.29"]
[Round "1.4.2"]
[White "Krivokapic, Marko"]
[Black "Sanchez Gonzalez, Sergio"]
[Result "1-0"]
[WhiteElo "2386"]
[BlackElo "2288"]
[BlackCountry "ES"]
[BlackFideId "2273020"]
[BlackTeam "Collado Villalba - Madrid"]
[BlackTitle "FM"]
[WhiteCountry "ME"]
[WhiteFideId "931314"]
[WhiteTeam "Niksic"]
[WhiteTitle "IM"]

1. e4 c5 2. Nf3 e6 3. d4 cxd4 4. Nxd4 a6 5. Nc3 Qc7 6. Be2 Nf6 7. O-O d6 
8. f4 Be7 9. Kh1 Nbd7 10. Bf3 Rb8 11. Qe1 b5 12. e5 dxe5 13. Nc6 e4 14. 
Nxe4 Rb6 15. Nxe7 Kxe7 16. Be3 Rc6 17. Nxf6 gxf6 18. Bxc6 Qxc6 19. Rf2 Rg8
20. Qb4+ Ke8 21. Qd2 Bb7 22. Rd1 f5 23. h3 Qc7 24. Qd6 Qxd6 25. Rxd6 Ke7 
26. Rfd2 Bd5 27. Rxa6 Rg3 28. Bf2 Rxh3+ 29. Kg1 Rh6 30. Rxd5 1-0

[Event "European Cities & Towns Chess Championship - Open/Seniors"]
[Site "Central Europe"]
[Date "2023.01.29"]
[Round "1.4.3"]
[White "Perdomo Araujo, Angel Eduardo"]
[Black "Kisic, Bozidar"]
[Result "1/2-1/2"]
[WhiteElo "2071"]
[BlackElo "2303"]
[BlackCountry "ME"]
[BlackFideId "16500350"]
[BlackTeam "Niksic"]
[BlackTitle "FM"]
[WhiteCountry "VE"]
[WhiteFideId "3902528"]
[WhiteTeam "Collado Villalba - Madrid"]

1. e4 g6 2. Nf3 Bg7 3. d4 d6 4. Nc3 a6 5. Be2 Nd7 6. Be3 b6 7. Qd2 Bb7 8. 
a4 c5 9. O-O cxd4 10. Nxd4 Ngf6 11. f3 O-O 12. Bh6 Bxh6 13. Qxh6 b5 14. 
axb5 Qb6 15. Rfd1 e5 16. Na4 Qc7 17. Nc6 axb5 18. Ne7+ Kh8 19. Nc3 b4 20. 
Rxa8 Rxa8 21. Ncd5 Bxd5 22. Nxd5 Nxd5 23. exd5 Qc5+ 24. Kf1 Qxc2 25. Qh4 
Qxb2 26. Qe7 Ra2 27. Re1 Ra7 28. Qxf7 Qd4 29. Bb5 Qf4 30. Qe8+ Kg7 31. 
Bxd7 b3 32. Qe7+ Kh6 33. Qxd6 b2 34. Qb6 Qc4+ 35. Kg1 Rxd7 36. Qxb2 Rxd5 
37. Qc1+ Qf4 38. Qxf4+ exf4 39. h3 Kg5 40. Kh2 h5 41. Re8 Kf5 42. Re4 g5 
43. Re8 Re5 44. Rf8+ Kg6 45. Rg8+ Kf6 46. Rf8+ Kg7 47. Ra8 Re6 48. Ra5 Kf6
49. Rb5 h4 50. Rc5 Re5 51. Rc8 Ke6 52. Rd8 Rd5 53. Re8+ Kd6 54. Kg1 Kc5 
55. Kf2 Rd2+ 56. Kf1 Rd5 57. Re4 Kd6 58. Re8 Re5 59. Rd8+ Ke6 60. Re8+ Kf5
61. Rf8+ Ke6 62. Re8+ Kf5 63. Rf8+ Ke6 64. Re8+ 1/2-1/2

[Event "European Cities & Towns Chess Championship - Open/Seniors"]
[Site "Central Europe"]
[Date "2023.01.29"]
[Round "1.4.4"]
[White "Saric, Igor"]
[Black "Alvarez Guerrero, Dylan"]
[Result "0-1"]
[WhiteElo "2282"]
[BlackElo "1162"]
[BlackCountry "ES"]
[BlackFideId "94728089"]
[BlackTeam "Collado Villalba - Madrid"]
[WhiteCountry "ME"]
[WhiteFideId "909319"]
[WhiteTeam "Niksic"]
[WhiteTitle "FM"]

1. e4 d6 2. d4 Nf6 3. Nc3 g6 4. f3 b6 5. Be3 Bb7 6. Qd2 Nbd7 7. O-O-O c5 
8. Nge2 a6 9. h4 b5 10. dxc5 Nxc5 11. Nf4 Qa5 12. Kb1 Na4 13. Ncd5 Qxd2 
14. Nxf6+ exf6 15. Rxd2 Bg7 16. Rxd6 O-O 17. Bd3 Rfd8 18. Rxd8+ Rxd8 19. 
Bc1 f5 20. exf5 gxf5 21. Nh5 Bh8 22. Re1 Bc6 23. Re7 Kf8 24. Rc7 Be8 25. 
Bg5 Rd6 26. Bf6 Bxf6 27. Nxf6 Rxf6 28. b3 Nb6 29. Ra7 Nd5 30. Kb2 Kg7 31. 
Ra8 Kf8 32. c4 Nf4 33. Bf1 bxc4 34. Be2 Nxe2 35. bxc4 Rc6 36. Kb3 Nf4 37. 
g3 Ne6 38. Kb4 Ke7 39. Ra7+ Kf6 40. Ra8 Bd7 41. g4 fxg4 42. fxg4 Nf4 43. 
Rb8 Bxg4 44. Rd8 Ng6 45. Rd4 h5 46. c5 Nxh4 47. a4 Ke5 48. Rd7 f5 49. Re7+
Kf6 50. Rb7 f4 51. Rb6 Rxb6+ 52. cxb6 Bc8 53. Kc5 f3 54. Kc6 Nf5 55. Kc7 
Bb7 56. Kxb7 f2 57. Ka7 f1=Q 58. b7 Qf2+ 59. Kxa6 Qe2+ 60. Ka7 Qe3+ 61. 
Ka8 Qe4 62. a5 Qc6 63. Ka7 Qc7 64. a6 Nd6 65. Ka8 Nxb7 66. axb7 Qxb7+ 67. 
Kxb7 h4 0-1

[Event "European Cities & Towns Chess Championship - Open/Seniors"]
[Site "Central Europe"]
[Date "2023.01.29"]
[Round "1.5.1"]
[White "Tarhan, Adar"]
[Black "Kabo, Melsed"]
[Result "1-0"]
[WhiteElo "2321"]
[BlackElo "2195"]
[BlackCountry "AL"]
[BlackFideId "4702271"]
[BlackTeam "Butrinti"]
[WhiteCountry "TR"]
[WhiteFideId "34544712"]
[WhiteTeam "Istanbul - Open"]
[WhiteTitle "FM"]

1. e4 c6 2. d4 d5 3. e5 c5 4. dxc5 Nc6 5. a3 e6 6. b4 Nxe5 7. Bb2 Ng6 8. 
Nf3 Nf6 9. h4 h5 10. g3 Be7 11. Bd3 Nf8 12. O-O N8d7 13. Nbd2 O-O 14. c4 
Qc7 15. cxd5 exd5 16. Re1 Re8 17. Ng5 g6 18. Qc2 Kg7 19. Bxg6 Bf8 20. Rxe8
1-0

[Event "European Cities & Towns Chess Championship - Open/Seniors"]
[Site "Central Europe"]
[Date "2023.01.29"]
[Round "1.5.2"]
[White "Kosta, Kelvin"]
[Black "Can, Isik"]
[Result "0-1"]
[WhiteElo "1950"]
[BlackElo "2488"]
[BlackCountry "TR"]
[BlackFideId "6383742"]
[BlackTeam "Istanbul - Open"]
[BlackTitle "IM"]
[WhiteCountry "AL"]
[WhiteFideId "4703855"]
[WhiteTeam "Butrinti"]

1. e4 c6 2. d4 d5 3. Nc3 dxe4 4. Nxe4 Bf5 5. Ng3 Bg6 6. Nf3 Nd7 7. h4 h6 
8. h5 Bh7 9. Bd3 Bxd3 10. Qxd3 e6 11. Bf4 Qa5+ 12. Bd2 Bb4 13. c3 Bd6 14. 
Ne4 Bc7 15. a3 Ngf6 16. Nxf6+ Nxf6 17. c4 Qf5 18. Qxf5 exf5 19. O-O-O 
O-O-O 20. Kc2 Rhe8 21. Rde1 Ng4 22. Rhf1 Re4 23. Nh4 Rexd4 24. Bc3 Rxc4 
25. Nxf5 Be5 26. f3 Bxc3 27. bxc3 Nf6 28. Re7 Rc5 29. Ne3 Rxh5 30. Rxf7 
Re5 31. Nc4 Re2+ 32. Kb3 Rxg2 33. Re1 Rd7 34. Ree7 b5 35. Na5 Kc7 36. 
Rxd7+ Nxd7 37. a4 a6 38. axb5 axb5 39. Kb4 Ra2 40. Nb3 Ra4# 0-1

[Event "European Cities & Towns Chess Championship - Open/Seniors"]
[Site "Central Europe"]
[Date "2023.01.29"]
[Round "1.5.3"]
[White "Makaraci, Tunahan"]
[Black "Mihasi, Erald"]
[Result "1-0"]
[WhiteElo "2296"]
[BlackElo "1909"]
[BlackCountry "AL"]
[BlackFideId "4700902"]
[BlackTeam "Butrinti"]
[WhiteCountry "TR"]
[WhiteFideId "6356559"]
[WhiteTeam "Istanbul - Open"]

1. e4 d5 2. exd5 Qxd5 3. Nc3 Qa5 4. d4 Nf6 5. Nf3 c6 6. Bc4 Bg4 7. h3 Bh5 
8. g4 Bg6 9. Ne5 e6 10. Bd2 Qc7 11. Qe2 Bd6 12. O-O-O Nbd7 13. f4 Nd5 14. 
f5 Bxe5 15. fxg6 Bxd4 16. gxf7+ Kxf7 17. Rhf1+ Bf6 18. g5 Rhe8 19. gxf6 
N7xf6 20. Ne4 Kg8 21. Nxf6+ Nxf6 22. Bc3 Nd5 23. Be5 Qe7 24. Rg1 g6 25. 
Qh5 1-0

[Event "European Cities & Towns Chess Championship - Open/Seniors"]
[Site "Central Europe"]
[Date "2023.01.29"]
[Round "1.5.4"]
[White "Omeri, Eklea"]
[Black "Citak, Selim"]
[Result "0-1"]
[WhiteElo "1629"]
[BlackElo "2281"]
[BlackCountry "TR"]
[BlackFideId "6301819"]
[BlackTeam "Istanbul - Open"]
[BlackTitle "FM"]
[WhiteCountry "AL"]
[WhiteFideId "4703804"]
[WhiteTeam "Butrinti"]

1. d4 Nf6 2. c4 g6 3. Nc3 d5 4. Nf3 Bg7 5. Bf4 O-O 6. e3 c5 7. dxc5 Ne4 8.
 Qc2 Nxc3 9. bxc3 Qa5 10. Rc1 dxc4 11. Bxc4 Qxc5 12. Qb3 Nc6 13. Be2 e5 
14. Bg3 b6 15. O-O Be6 16. Qc2 Rac8 17. Nd2 Nb4 18. Qb2 Nxa2 19. Ra1 Nxc3 
20. Bf3 e4 21. Bxe4 Nxe4 22. Nxe4 Bxb2 23. Nxc5 bxc5 24. Rxa7 c4 25. e4 c3
26. Bf4 c2 0-1

[Event "European Cities & Towns Chess Championship - Open/Seniors"]
[Site "Central Europe"]
[Date "2023.01.29"]
[Round "1.6.1"]
[White "Freeland, Alex"]
[Black "Samunenkov, Ihor"]
[Result "0-1"]
[WhiteElo "2016"]
[BlackElo "2485"]
[BlackCountry "UA"]
[BlackFideId "14187086"]
[BlackTeam "Kyiv region"]
[BlackTitle "IM"]
[WhiteCountry "GB"]
[WhiteFideId "1802062"]
[WhiteTeam "Hammersmith - West London"]

1. d4 Nf6 2. c4 e6 3. Nc3 Bb4 4. e3 O-O 5. Bd3 d5 6. Nf3 dxc4 7. Bxc4 c5 
8. a3 Bxc3+ 9. bxc3 Qc7 10. Bb3 b6 11. O-O Ba6 12. Re1 Nc6 13. e4 Na5 14. 
Bc2 h6 15. e5 Nd5 16. Bxh6 gxh6 17. Qd2 Kg7 18. Re4 Rh8 19. Nh4 cxd4 20. 
cxd4 Rac8 21. Rg4+ Kf8 22. Be4 Qc3 23. Qd1 Be2 0-1

[Event "European Cities & Towns Chess Championship - Open/Seniors"]
[Site "Central Europe"]
[Date "2023.01.29"]
[Round "1.6.2"]
[White "Grebeniuk, Semen"]
[Black "Brixel, Christof, Dr."]
[Result "1-0"]
[WhiteElo "2315"]
[BlackElo "1952"]
[BlackCountry "DE"]
[BlackFideId "16277040"]
[BlackTeam "Hammersmith - West London"]
[WhiteCountry "UA"]
[WhiteFideId "14117509"]
[WhiteTeam "Kyiv region"]

1. d4 Nf6 2. Nf3 e6 3. e3 d5 4. Bd3 b6 5. Nbd2 c5 6. c3 Bd6 7. O-O Bb7 8. 
Ne5 O-O 9. f4 Ne4 10. Nxe4 dxe4 11. Bc4 Nc6 12. Bd2 a6 13. a4 Ne7 14. Qe2 
Qc8 15. Ba2 b5 16. Rfc1 bxa4 17. Qc4 Bd5 18. Qxa4 Bxe5 19. fxe5 c4 20. b3 
cxb3 21. Bxb3 Bxb3 22. Qxb3 Qc7 23. c4 Rfb8 24. Qc2 Rb7 25. Qxe4 Rab8 26. 
Rxa6 Rb2 27. Rc2 h6 28. Ra2 Rb1+ 29. Kf2 Nf5 30. g4 Nh4 31. d5 Rd1 32. Rc1
Rxc1 33. Bxc1 Qd8 34. d6 f5 35. gxf5 Nxf5 36. Ke2 Qg5 37. Ra8 Rxa8 38. 
Qxa8+ Kh7 39. Qe4 Qg1 40. Bd2 Qxh2+ 41. Kd3 Qg1 42. Kc2 Qa1 43. Qd3 Qa4+ 
44. Kb2 g6 45. d7 1-0